Biggest Cities in the United States in 1860 - Statistics

General Stats
  • This quiz has been taken 14 times
  • The average score is 54 of 100
Answer Stats
Population State City % Correct
81,129 NY Buffalo
100%
813,669 NY New York
100%
565,529 PA Philadelphia
100%
62,367 NY Albany
92%
212,418 MD Baltimore
92%
177,840 MA Boston
92%
112,172 IL Chicago
92%
48,204 NY Rochester
92%
56,802 CA San Francisco
92%
266,661 NY Brooklyn
83%
40,522 SC Charleston
83%
161,044 OH Cincinnati
83%
43,417 OH Cleveland
83%
45,619 MI Detroit
83%
29,152 CT Hartford
83%
68,033 KY Louisville
83%
45,246 WI Milwaukee
83%
71,941 NJ Newark
83%
168,675 LA New Orleans
83%
49,221 PA Pittsburgh
83%
50,666 RI Providence
83%
37,910 VA Richmond
83%
160,773 MO St. Louis
83%
28,119 NY Syracuse
83%
61,122 DC Washington
83%
11,848 NY Yonkers
83%
18,554 OH Columbus
75%
29,226 NJ Jersey City
75%
22,292 GA Savannah
75%
15,199 MA Springfield
75%
13,768 OH Toledo
75%
12,493 GA Augusta
67%
26,060 MA Cambridge
67%
10,896 NH Concord
67%
18,611 IN Indianapolis
67%
22,529 TN Memphis
67%
29,258 AL Mobile
67%
16,988 TN Nashville
67%
26,341 ME Portland
67%
13,785 CA Sacramento
67%
22,252 MA Salem
67%
13,299 CT Bridgeport
58%
20,081 OH Dayton
58%
39,267 CT New Haven
58%
13,718 IL Quincy
58%
17,228 NJ Trenton
58%
24,960 MA Worcester
58%
12,652 VA Alexandria
50%
14,026 MA Fall River
50%
13,405 PA Harrisburg
50%
17,639 MA Lawrence
50%
36,827 MA Lowell
50%
19,083 MA Lynn
50%
20,107 NH Manchester
50%
22,300 MA New Bedford
50%
10,508 RI Newport
50%
10,046 KY Newport
50%
19,586 NJ Paterson
50%
23,162 PA Reading
50%
10,401 MN Saint Paul
50%
22,529 NY Utica
50%
14,083 WV Wheeling
50%
21,258 DE Wilmington
50%
16,407 ME Bangor
42%
14,358 NJ Camden
42%
13,000 IA Dubuque
42%
11,567 NJ Elizabeth
42%
17,603 PA Lancaster
42%
14,620 VA Norfolk
42%
13,045 IL Peoria
42%
11,267 IA Davenport
33%
10,065 NH Nashua
33%
12,657 IN New Albany
33%
10,115 CT New London
33%
14,726 NY Poughkeepsie
33%
15,376 MA Taunton
33%
39,235 NY Troy
33%
28,702 PA Allegheny
25%
11,484 IN Evansville
25%
12,376 NY Hempstead
25%
12,578 NY Newburgh
25%
18,266 VA Petersburg
25%
10,004 CT Waterbury
25%
10,986 NY Auburn
17%
25,062 MA Charlestown
17%
13,395 MA Chelsea
17%
16,471 KY Covington
17%
10,904 MA Gloucester
17%
16,640 NY Kingston
17%
11,256 NJ New Brunswick
17%
13,048 CT Norwich
17%
16,816 NY Oswego
17%
25,137 MA Roxbury
17%
10,074 NY Cortlandt
8%
10,188 NY Flushing
8%
10,871 NY Lockport
8%
13,725 NY Newtown
8%
11,818 RI North Providence
8%
13,282 RI Smithfield
8%
13,401 MA Nerburyport
0%
No matching quizzes found
Score Distribution
Percent of People with Each Score
Percentile by Number Answered
Your Score History
You have not taken this quiz